01115nam a2200217Ia 4500003000900000008004100009040001600050080001900066111008000085245039200165260003100557300001400588650004100602650002500643650001000668700003400678710004000712942000700752999001500759952012300774IN-BaIIA211028s9999 xx 000 0 eng d cIIA Library a524.3-337bMAG aSymposium on the magnetic and related starscMarylandd1965 Nov. 8-1095409 4aThe magnetic and related starsbthe proceedings of the AAS-NASA symposium on the magnetic and other peculiar and metallic-line A Stars, held at Greenbelt, Maryland, November 8 - 10, 1965 and the 1965 Helen B. Warner Prize Lecture of the American Astronomical Society, presented at Berkeley, California, December 29, 1965cedited by Robert C. Cameron  aBaltimorebMono Bookc1967 axi, 596p. aAstronomy and astrophysics thesaurus aMagnetic stars95410 aStars aCameron, Robert C., ed.95411 aAmerican Astronomical Society94342 cBK c3046d3046 00104070aBANbBANcGENd1968-04-30g170.65l0o524.3-337/ MAGp3387r2021-11-05v170.65w1968-04-30yBKGRs. 170.65